Edexcel UK Politics - Democracy and Participation - Case Study Quiz - Statistics

General Stats
  • This quiz has been taken 8 times
    6 since last reset
  • The average score is 17 of 44
Answer Stats
Question Answer % Correct
What was voted on in a 2016 referendum Brexit
100%
The Winning Party was: Conservative
100%
The Winning Party was: Labour
100%
The Winning Party was: Labour
100%
What Age is currently being discussed to lower the minimum voting age to 16
83%
In 1215, this constitutional document limited the power of King John Magna Carta
83%
With the voting age being reduced to 18 in: 1969
67%
with how many seats 411
67%
What was voted on in a 2011 referendum AV
67%
What is the BMA British Medical Association
67%
Amnesty international mostly advocates for Human Rights
67%
This 1998 act enshrined the ECHR into Law Human Rights Act
67%
This group named for the New York riots advocates for LGBTQ rights Stonewall
67%
Whose more radical wing was later known as Suffragettes
67%
And This Woman sued the government for Boris' prorogation of Parliament Gina Miller
50%
This Eco Friendly Outsider group can be seen to advocate for a "Pax Viridis" Greenpeace
50%
NFU? National Farmer's union
50%
And in 1983 the Representation of the People's act removed the right to vote from Prisoners
50%
What was voted on in a 2014 referendum Scottish Independence
50%
And how many seats 418
33%
The 2024 General Election had a Turnout of: 59.7%
33%
The 1979 General Election had a Turnout of: 76%
33%
In 1689, following the Glorious Revolution, this document gave greater power to parliament Bill Of Rights
33%
Such as these Eschatological Partisans (XR) Extinction Rebellion
33%
In 1832 this act was the first to expand the electorate Great Reform Act
33%
If a group works closely with the govt they are a? Insider Group
33%
if they don't they are an Outsider Group
33%
This women's liberation group, often known as the NUWSS, is more commonly known as Suffragists
33%
And how many seats: 339
17%
Led by Emmeline Pankhurst
17%
Including the Legislature's Freedom of Speech AKA: Parliamentary Privilege
17%
In 1918 this act saw women get the right to vote: Representation of the People Act
17%
TUC? Trade Union Congress
17%
Followed by reform acts in (both years please) 1867 and 1884
0%
That's turnout was 42.2%
0%
With what percentage winning the referendum 51.89%
0%
That's turnout was 55.3%
0%
With what percentage winning the referendum 67.90%
0%
The 1997 General Election had a Turnout of: 71.4%
0%
That's turnout was 72.21%
0%
With what percentage winning the referendum 84.59%
0%
The Term granted to mandatory participation in elections: Compulsory Voting
0%
As well as (Blank) and (Blank) Elections Free and Fair Elections
0%
This pressure group saw the banning of handguns following Dunblane in 1996 Snowdrop
0%
No matching quizzes found
Score Distribution
Percent of People with Each Score
Percentile by Number Answered
Your Score History
You have not taken this quiz since the last reset